000 00498nam a22001697a 4500
999 _c260109
_d260108
003 OSt
005 20230606152231.0
008 230606b xxu||||| |||| 00| 0 eng d
020 _a9780060766207
040 _cRU
050 _aPZ7
_b.D373 2005
100 _aDelaney, Joseph,
_d1945-
245 _aRevenge of the witch / Joseph Delaney ; illustrations by Patrick Arrasmith.
260 _aNew York :
_bGreenwillow Books,
_c 2005.
300 _a344 p. :
_b ill., map ;
_c21 cm.
942 _2lcc
_cBK